000 00850nam a22002897a 4500
001 000324
003 DO-SdBNP
005 20240411110513.0
007 000324
008 160627b2009 sp |||| 00| 0 spa d
020 _a9788420423005
040 _aBPMSU
_bspa
_cBPMSU
082 4 _a864.6
_bM333q 2009
_222
092 _axxxxxx
_bxxxxxx
100 1 _aMarías, Javier,
_d1951-
245 1 0 _aLo que no vengo a decir /
_cJavier Marías.
260 _aMadrid :
_bAlfaguara,
_c2009.
300 _a322 p. ;
_c23 cm.
490 0 _aAlfaguara
500 _aIncluye datos biográficos del autor en la solapa de la cubierta.
590 _aInventariado, 2024/VM
650 4 _aEnsayos españoles
910 _aVMateo V. Control de calidad. BPMSU
942 _2ddc
_cBK
945 _aInventariado, 2018 / BT
956 _2LOPEREZ
_310
_620160627
_8BPMSU
_a00041
999 _c10595
_d10595